006180000a2200181000450024501520000065000190015265000290017165000260020065000130022665000150023965100230025465300340027765300380031104100130034970000280036210000170039077300290040710aEffects of nectar theft by flower mites on hummingbird behavior and the reproductive success of their host plant, Moussonia deppeana (Gesneriaceae)14aPolinización14aRelación planta-animal14aSecreción de nectar14aColibris14aEtología 4dVeracruzpMéxico gMoussoniaeMoussonia deppeana gLamporniseLampornis amethystinus0 aInglés1 aOrnelas, Juan Francisco1 aLara, Carlos1 tOikosq470-480d2002g96